| 000 | 00545nam a2200169 i 4500 | ||
|---|---|---|---|
| 001 | 62595 | ||
| 003 | ES-MaACL | ||
| 005 | 20231224062924.0 | ||
| 007 | t| | ||
| 008 | 031124s1951 sp ||||1| spa d | ||
| 100 | 1 |
_aFernández y González, Manuel, _d1821-1888 _950183 |
|
| 245 | 1 | 3 |
_aLa cabeza del rey Don Pedro _b: novela histórica tradicional / _cManuel Fernández y González. |
| 260 |
_aMadrid : _bTesoro, _c[1951] ( _fJosé Ruiz Alonso) |
||
| 300 |
_a328 p. ; _c19 cm. |
||
| 852 |
_aES-MaACL _jG-M-901 |
||
| 999 |
_c62595 _d62595 |
||